000 00628nam a2200205Ia 4500
003 GCL
008 140319s9999 xx 000 0 ara d
040 _aGCL /
_cGCL
082 0 4 _a340.53
_bم ن
100 1 _aمحمد سلام زناتى
245 1 0 _aنظم العرب القبلية المعاصرة /
_cمحمد سلام زناتى
260 _a[S.N] :
_b2000 للثقافة والنشر ،
_c1993
300 _a479 ص
490 _a
650 0 4 _aالعالم العربى
650 0 4 _aالعادات والتقاليد
650 0 4 _aالعرب
650 0 4 _aالمجتمعات القبلية
942 _2ddc
_cBK
999 _c27995
_d27995